<?xml version="1.0" encoding="UTF-8"?>
<record
    xmlns:xsi="http://www.w3.org/2001/XMLSchema-instance"
    xsi:schemaLocation="http://www.loc.gov/MARC21/slim http://www.loc.gov/standards/marcxml/schema/MARC21slim.xsd"
    xmlns="http://www.loc.gov/MARC21/slim">

  <leader>01601nam a22003015i 4500</leader>
  <controlfield tag="001">181562</controlfield>
  <controlfield tag="003">ES-MaACL</controlfield>
  <controlfield tag="005">20230906221410.0</controlfield>
  <controlfield tag="008">130212s1892    it           |||| | ita d</controlfield>
  <datafield tag="040" ind1=" " ind2=" ">
    <subfield code="a">CAM </subfield>
    <subfield code="b">spa </subfield>
    <subfield code="c">CAM</subfield>
  </datafield>
  <datafield tag="080" ind1=" " ind2=" ">
    <subfield code="a">910.4(7/8)"14"</subfield>
  </datafield>
  <datafield tag="080" ind1=" " ind2=" ">
    <subfield code="a">929 Col&#xF3;n, Crist&#xF3;bal</subfield>
  </datafield>
  <datafield tag="100" ind1="1" ind2=" ">
    <subfield code="a">Bertelli, Timoteo.</subfield>
    <subfield code="9">28434</subfield>
  </datafield>
  <datafield tag="245" ind1="1" ind2="3">
    <subfield code="a">La Declinazione magnetica e la sua variazione nello spazio scoperte da Cristoforo Colombo / </subfield>
    <subfield code="c">per Timoteo Bertelli.  Notizia delle pi&#xF9; antiche carte geografiche che si trovano in Italia riguardanti l'America / per Vittore Bellio.</subfield>
  </datafield>
  <datafield tag="260" ind1=" " ind2=" ">
    <subfield code="a">Roma : </subfield>
    <subfield code="b">Auspice il Ministeo della Pubblica Istruzione, </subfield>
    <subfield code="c">1892.</subfield>
  </datafield>
  <datafield tag="300" ind1=" " ind2=" ">
    <subfield code="a">221 p., [7] h. pleg. ; </subfield>
    <subfield code="c">40 cm.</subfield>
  </datafield>
  <datafield tag="490" ind1="1" ind2=" ">
    <subfield code="a">Raccolta di documenti e studi pubblicati dalla R. Commissione Colombiana pel quarto centenario dalla scoperta dell' America ; </subfield>
    <subfield code="v">Parte IV, Vol. II</subfield>
  </datafield>
  <datafield tag="530" ind1=" " ind2=" ">
    <subfield code="a">Disponible tambi&#xE9;n en sitio web.</subfield>
  </datafield>
  <datafield tag="600" ind1="1" ind2="4">
    <subfield code="a">Col&#xF3;n, Crist&#xF3;bal.</subfield>
    <subfield code="9">39869</subfield>
  </datafield>
  <datafield tag="650" ind1=" " ind2="4">
    <subfield code="a">Magenetismo terrestre.</subfield>
    <subfield code="9">152255</subfield>
  </datafield>
  <datafield tag="651" ind1=" " ind2="4">
    <subfield code="a">Am&#xE9;rica-</subfield>
    <subfield code="x">Descubrimientos y exploraciones.</subfield>
    <subfield code="9">7694</subfield>
  </datafield>
  <datafield tag="700" ind1="1" ind2=" ">
    <subfield code="a">Bellio, Vittore.</subfield>
    <subfield code="9">152249</subfield>
  </datafield>
  <datafield tag="710" ind1="2" ind2=" ">
    <subfield code="a">Commissione Colombiana pel Quarto Centenario dalla Scoperta dell'America.</subfield>
    <subfield code="9">134285</subfield>
  </datafield>
  <datafield tag="830" ind1="0" ind2=" ">
    <subfield code="a">Raccolta di documenti e studi pubblicati dalla R. Commissione Colombiana pel quarto centenario dalla scoperta dell' America ; </subfield>
    <subfield code="v">Parte IV, Vol. II</subfield>
    <subfield code="9">191485</subfield>
  </datafield>
  <datafield tag="852" ind1=" " ind2=" ">
    <subfield code="a">ES-MaACL</subfield>
    <subfield code="j">G-358 </subfield>
    <subfield code="z">.- Enc. pasta espa&#xF1;ola</subfield>
  </datafield>
  <datafield tag="856" ind1=" " ind2=" ">
    <subfield code="u">http://bibliotecadigitalhispanica.bne.es:80/webclient/DeliveryManager?pid=2682254&amp;custom_att_2=simple_viewer</subfield>
    <subfield code="z">Ir a la p&#xE1;gina</subfield>
  </datafield>
  <datafield tag="999" ind1=" " ind2=" ">
    <subfield code="c">181562</subfield>
    <subfield code="d">181562</subfield>
  </datafield>
  <datafield tag="952" ind1=" " ind2=" ">
    <subfield code="0">0</subfield>
    <subfield code="1">0</subfield>
    <subfield code="4">0</subfield>
    <subfield code="7">0</subfield>
    <subfield code="8">Colecci&#xF3;n_digital</subfield>
    <subfield code="a">ATENEOM</subfield>
    <subfield code="b">ATENEOM</subfield>
    <subfield code="c">DEPO2</subfield>
    <subfield code="d">2013-02-12</subfield>
    <subfield code="e">COM</subfield>
    <subfield code="l">0</subfield>
    <subfield code="o">G-358</subfield>
    <subfield code="p">1190806</subfield>
    <subfield code="r">2023-02-23 00:00:00</subfield>
    <subfield code="w">2023-02-23</subfield>
    <subfield code="y">MONANT</subfield>
  </datafield>
</record>
